000 00465nam a2200181Ia 4500
001 903
005 20260306140552.0
008 260306t2006||||xx |||||||||||||| ||spa||
041 _aESP
082 _a173
_bM86
100 _aMoratalla, Agustín Domingo
_eAUT
245 0 _aÉtica de la vida familiar:
_bclaves para una ciudadanía comunitaria
260 _c2006
300 _a187 páginas :
_c21 cm.
650 _aGEN
654 _aCHU
942 _cLIB
_dJUS
_fJUS
_2ddc
_n
999 _c903
_d903